| 000 | 00503nam a2200205Ia 4500 | ||
|---|---|---|---|
| 008 | 170918s9999 xx 000 0 und d | ||
| 020 | _a9781597072380 | ||
| 050 | _bS857gr 2011 | ||
| 100 | _aStilton, Geronimo | ||
| 245 | _aDinosaurs in action / | ||
| 245 | _cby Geronimo Stilton. | ||
| 260 | _aChina : | ||
| 260 | _bPapercutz, | ||
| 260 | _c2011 | ||
| 300 | _a50 pages : | ||
| 300 | _bcolor illustrations ; | ||
| 300 | _c23cm. | ||
| 300 | _eGeronimo Stilton graphic Novel ; | ||
| 440 | _a7 | ||
| 999 |
_c343656 _d343656 |
||